| 000 | 01000pam a2200313 a 4500 | ||
|---|---|---|---|
| 001 | 1982364 | ||
| 003 | OSt | ||
| 005 | 20140310184454.0 | ||
| 008 | 890823r19901987nyua j 000 1 eng | ||
| 010 | _a 89039809 | ||
| 020 | _a9780590040747 | ||
| 040 |
_aDLC _cDLC _dDLC |
||
| 042 | _alcac | ||
| 050 | 1 | 0 |
_aPZ 7 _b.R994 2004 |
| 100 | 1 |
_aRylant, Cynthia. _94596 |
|
| 245 | 1 | 0 |
_aHenry and Mudge : _bthe first book of their adventures / _cstory by Cynthia Rylant ; pictures by Suçie Stevenson. |
| 250 | _a1st Aladdin Books ed. | ||
| 260 |
_aNew York : _bScholastic Inc, _c2004. |
||
| 300 |
_a40 p. : _bcol. ill. ; _c23 cm. |
||
| 521 | _aG2 | ||
| 526 | _c350 | ||
| 650 | 1 |
_aDogs _xFiction. _928223 |
|
| 700 | 1 |
_aStevenson, Suçie, _eill. _928224 |
|
| 906 |
_a7 _bcbc _corignew _d1 _eocip _f19 _gy-gencatlg |
||
| 942 |
_2lcc _cBK-SCHOLAS |
||
| 999 |
_c34629 _d34629 |
||